[Event "European Senior Team Chess Championship "]
[Site "Hotel AIRO Vienna, Kurbadstr. "]
[Date "2015.07.16"]
[Round "5"]
[White "Zhelnin, Vladimir V"]
[Black "Maryasin, Boris"]
[Result "0-1"]
[WhiteElo "2473"]
[BlackElo "2332"]
[PlyCount "58"]
[EventDate "2015.07.12"]
[EventType "team"]
[EventRounds "9"]
[EventCountry "AUT"]
[WhiteTeam "Russia 1"]
[BlackTeam "Israel"]

1. e4 c5 2. Nf3 Nc6 3. d4 cxd4 4. Nxd4 Qb6 5. Nb3 Nf6 6. Nc3 e6 7. a3 d6 8. Be3
Qc7 9. Be2 a6 10. f4 b5 11. O-O Be7 12. Bf3 Bb7 13. Qe2 O-O 14. Qf2 Rac8 15.
Rfd1 Nd7 16. g4 g5 17. f5 Nce5 18. Be2 Nf6 19. h3 Bxe4 20. Nd4 Ba8 21. Bf1 exf5
22. Qxf5 Qb7 23. Kf2 Rc5 24. Qxg5+ Ng6 25. Qh6 Re8 26. Nf5 Bf8 27. Bxc5 Qf3+
28. Kg1 Qh1+ 29. Kf2 Qh2+ 0-1

[Event "European Senior Team Chess Championship "]
[Site "Hotel AIRO Vienna, Kurbadstr. "]
[Date "2015.07.16"]
[Round "5"]
[White "Lederman, Leon"]
[Black "Pushkov, Nikolai"]
[Result "0-1"]
[WhiteElo "2263"]
[BlackElo "2301"]
[PlyCount "90"]
[EventDate "2015.07.12"]
[EventType "team"]
[EventRounds "9"]
[EventCountry "AUT"]
[WhiteTeam "Israel"]
[BlackTeam "Russia 1"]

1. e4 e6 2. d4 d5 3. Nc3 Bb4 4. e5 c5 5. a3 Bxc3+ 6. bxc3 Ne7 7. Nf3 b6 8. a4
h6 9. a5 bxa5 10. Ba3 cxd4 11. cxd4 O-O 12. Qd2 Nbc6 13. Bd3 Nb4 14. Be2 Re8
15. O-O Bd7 16. Rfb1 Rb8 17. Ne1 Nbc6 18. Bc5 Qc8 19. Nd3 Rxb1+ 20. Rxb1 Qa8
21. Bxe7 Rxe7 22. Nc5 Be8 23. c3 Rc7 24. f4 a4 25. Qb2 Na5 26. Qb4 Nb3 27. Nxa4
Bxa4 28. Qxa4 Nd2 29. Rb2 Ne4 30. Bd3 Rxc3 31. Bxe4 dxe4 32. Qb4 Qc6 33. Qb8+
Kh7 34. Qxa7 e3 35. h3 Qe4 36. Qa1 e2 37. Rxe2 Qxd4+ 38. Rf2 Qe3 39. Qb2 Rc4
40. f5 exf5 41. Kh2 g6 42. Rf3 Qc5 43. Rb3 Rc2 44. Qa1 Qf2 45. Qa8 Qf4+ 0-1

[Event "European Senior Team Chess Championship "]
[Site "Hotel AIRO Vienna, Kurbadstr. "]
[Date "2015.07.16"]
[Round "5"]
[White "Danner, Georg"]
[Black "Faibisovich, Vadim Z"]
[Result "0-1"]
[WhiteElo "2389"]
[BlackElo "2347"]
[PlyCount "92"]
[EventDate "2015.07.12"]
[EventType "team"]
[EventRounds "9"]
[EventCountry "AUT"]
[WhiteTeam "Austria 1"]
[BlackTeam "Sankt Petersburg"]

1. d4 Nf6 2. c4 e6 3. Nf3 d5 4. Bg5 Be7 5. e3 O-O 6. Nc3 h6 7. Bh4 b6 8. Bd3
Bb7 9. O-O Nbd7 10. Qe2 c5 11. Rfd1 cxd4 12. exd4 Rc8 13. Ne5 dxc4 14. Bxc4
Nxe5 15. dxe5 Nd7 16. Bg3 Qc7 17. Rac1 Nxe5 18. Bxe6 fxe6 19. Bxe5 Qc6 20. Qg4
Rf7 21. Rd3 Qc5 22. Bg3 Qf5 23. Qxf5 exf5 24. Be5 Bc5 25. Rcd1 Re8 26. Rd8 Rfe7
27. Rxe8+ Rxe8 28. Bf4 g5 29. Bd2 Rd8 30. h4 f4 31. hxg5 hxg5 32. Bc1 Rxd1+ 33.
Nxd1 Kf7 34. Kf1 Ke6 35. Bd2 Kf5 36. Nc3 Bd4 37. Nd1 Ke4 38. Bc3 Bxc3 39. Nxc3+
Kd3 40. f3 Kc2 41. Ne4 g4 42. b4 gxf3 43. gxf3 Kd3 44. Nd6 Bxf3 45. Nc8 Ke3 46.
Nxa7 Be2+ 0-1

[Event "European Senior Team Chess Championship "]
[Site "Hotel AIRO Vienna, Kurbadstr. "]
[Date "2015.07.16"]
[Round "5"]
[White "Mishuchkov, Nikolai M"]
[Black "Petschar, Kurt"]
[Result "1/2-1/2"]
[WhiteElo "2320"]
[BlackElo "2266"]
[PlyCount "38"]
[EventDate "2015.07.12"]
[EventType "team"]
[EventRounds "9"]
[EventCountry "AUT"]
[WhiteTeam "Sankt Petersburg"]
[BlackTeam "Austria 1"]

1. d4 d5 2. Nf3 Nf6 3. c4 c6 4. Qc2 dxc4 5. Qxc4 Bg4 6. Nbd2 Nbd7 7. g3 e6 8.
Bg2 Be7 9. O-O O-O 10. Ne5 Bh5 11. Nxd7 Qxd7 12. Nb3 Rfd8 13. Bd2 Rac8 14. Rfe1
Bg6 15. e4 c5 16. dxc5 Bxc5 17. Qe2 Bb6 18. Rac1 h6 19. Be3 Qa4 1/2-1/2

[Event "European Senior Team Chess Championship "]
[Site "Hotel AIRO Vienna, Kurbadstr. "]
[Date "2015.07.16"]
[Round "5"]
[White "Janetschek, Karl"]
[Black "Karasev, Vladimir I"]
[Result "1/2-1/2"]
[WhiteElo "2231"]
[BlackElo "2326"]
[PlyCount "59"]
[EventDate "2015.07.12"]
[EventType "team"]
[EventRounds "9"]
[EventCountry "AUT"]
[WhiteTeam "Austria 1"]
[BlackTeam "Sankt Petersburg"]

1. e4 c5 2. Nf3 e6 3. d3 Nc6 4. g3 d6 5. Bg2 g6 6. O-O Bg7 7. Nc3 Nge7 8. Bg5
h6 9. Be3 Nd4 10. Rb1 O-O 11. Ne2 e5 12. c3 Nxf3+ 13. Bxf3 Bh3 14. Bg2 Bxg2 15.
Kxg2 Qd7 16. c4 f5 17. f3 g5 18. Bd2 g4 19. Nc3 h5 20. Bg5 Rae8 21. Bxe7 Rxe7
22. fxg4 fxg4 23. Rxf8+ Bxf8 24. Qe2 Rf7 25. Rf1 Bh6 26. Nd5 Bg5 27. Rxf7 Qxf7
28. Qf1 Qxf1+ 29. Kxf1 Kf7 30. Ke2 1/2-1/2

[Event "European Senior Team Chess Championship "]
[Site "Hotel AIRO Vienna, Kurbadstr. "]
[Date "2015.07.16"]
[Round "5"]
[White "Monin, Nikolay"]
[Black "Singer, Hans"]
[Result "1/2-1/2"]
[WhiteElo "2215"]
[BlackElo "2165"]
[PlyCount "105"]
[EventDate "2015.07.12"]
[EventType "team"]
[EventRounds "9"]
[EventCountry "AUT"]
[WhiteTeam "Sankt Petersburg"]
[BlackTeam "Austria 1"]

1. e4 c5 2. d3 d5 3. Nd2 Nf6 4. g3 Nc6 5. Bg2 e5 6. Ngf3 Be7 7. O-O O-O 8. c3
Re8 9. a3 Bf8 10. Ng5 d4 11. c4 Ng4 12. h4 f6 13. Nh3 Be6 14. Re1 Rb8 15. Nf1
b5 16. f3 Qd7 17. cxb5 Rxb5 18. fxg4 Bxg4 19. Qc2 Reb8 20. Nf2 Be6 21. Kh2 Bb3
22. Qe2 Bf7 23. Bh3 Qb7 24. Nd2 Na5 25. Bf1 Qa6 26. Qd1 R5b7 27. Qc2 g6 28. Nc4
Nb3 29. Rb1 Nxc1 30. Rexc1 Bh6 31. Re1 Rb3 32. Ng4 Bf8 33. Qd2 Bxc4 34. dxc4
Qb6 35. Nf2 Rxb2 36. Rxb2 Qxb2 37. Qxb2 Rxb2 38. Kg2 h5 39. Re2 Rb3 40. Ra2 Kf7
41. a4 a5 42. Nd3 Be7 43. Be2 Ke6 44. Kf2 f5 45. Rb2 Rxb2 46. exf5+ Kxf5 47.
Nxb2 e4 48. Bf1 g5 49. hxg5 Bxg5 50. Bh3+ Ke5 51. Bf1 Bc1 52. Nd3+ exd3 53.
Bxd3 1/2-1/2

[Event "European Senior Team Chess Championship "]
[Site "Hotel AIRO Vienna, Kurbadstr. "]
[Date "2015.07.16"]
[Round "5"]
[White "Garcia Palermo, Carlos"]
[Black "Nevednichy, Boris M"]
[Result "1-0"]
[WhiteElo "2442"]
[BlackElo "2153"]
[PlyCount "115"]
[EventDate "2015.07.12"]
[EventType "team"]
[EventRounds "9"]
[EventCountry "AUT"]
[WhiteTeam "Italy"]
[BlackTeam "Moldova"]

1. Nf3 Nf6 2. c4 c6 3. d4 d5 4. e3 a6 5. Nbd2 e6 6. b3 Nbd7 7. Bb2 b5 8. Bd3
bxc4 9. bxc4 c5 10. O-O cxd4 11. Bxd4 Bc5 12. Rb1 Bxd4 13. exd4 dxc4 14. Nxc4
O-O 15. Nfe5 a5 16. Qf3 Ba6 17. Rfc1 Bxc4 18. Rxc4 Nb6 19. Nc6 Qc7 20. Rc5 Na4
21. Rc2 Nd5 22. Be4 Nab6 23. g3 Qd6 24. Qh5 f5 25. Bg2 Rac8 26. Rbc1 Rc7 27.
Qe2 f4 28. Qe5 Qxe5 29. Nxe5 Rxc2 30. Rxc2 Nb4 31. Rc5 Nxa2 32. Bh3 Nb4 33.
Bxe6+ Kh8 34. Nf7+ Kg8 35. Ne5+ Kh8 36. Rb5 fxg3 37. hxg3 Na4 38. Nf7+ Kg8 39.
Ne5+ Kh8 40. Nf7+ Kg8 41. Nd8+ Kh8 42. Rb8 g6 43. Nf7+ Kg7 44. Rb7 Kf6 45. Bb3
Nc3 46. Ne5 Kf5 47. Re7 Ne2+ 48. Kg2 Nxd4 49. Nd7 Nbc6 50. Rxh7 Nxb3 51. Nxf8
a4 52. Rf7+ Ke5 53. Nxg6+ Kd5 54. Ne7+ Nxe7 55. Rxe7 Kc5 56. g4 a3 57. g5 a2
58. Ra7 1-0

[Event "European Senior Team Chess Championship "]
[Site "Hotel AIRO Vienna, Kurbadstr. "]
[Date "2015.07.16"]
[Round "5"]
[White "Romcovici, Victor"]
[Black "Mariotti, Sergio"]
[Result "1/2-1/2"]
[WhiteElo "2086"]
[BlackElo "2295"]
[PlyCount "72"]
[EventDate "2015.07.12"]
[EventType "team"]
[EventRounds "9"]
[EventCountry "AUT"]
[WhiteTeam "Moldova"]
[BlackTeam "Italy"]

1. d4 e6 2. Nf3 c5 3. e3 Nf6 4. Bd3 d5 5. b3 Nc6 6. O-O Bd6 7. Bb2 a6 8. Nbd2
O-O 9. a3 cxd4 10. exd4 b5 11. Ne5 Bb7 12. f4 Qb6 13. Ndf3 Rad8 14. Qe1 Ne4 15.
Qh4 f6 16. Nxc6 Bxc6 17. Kh1 Qc7 18. g3 a5 19. Qh3 Qe7 20. Nh4 Rfe8 21. Qg2 Qb7
22. Nf3 a4 23. b4 Rc8 24. Rae1 Re7 25. Nd2 f5 26. Nf3 Rec7 27. Ne5 Be8 28. g4
Bxe5 29. fxe5 Bg6 30. Re2 Rf8 31. Bxe4 fxe4 32. Rxf8+ Kxf8 33. Re3 Qc8 34. c3
Rf7 35. Qe2 Qc4 36. Qxc4 dxc4 1/2-1/2

[Event "European Senior Team Chess Championship "]
[Site "Hotel AIRO Vienna, Kurbadstr. "]
[Date "2015.07.16"]
[Round "5"]
[White "Martorelli, Antonio"]
[Black "Scovitin, Albert"]
[Result "0-1"]
[WhiteElo "2271"]
[BlackElo "2103"]
[PlyCount "64"]
[EventDate "2015.07.12"]
[EventType "team"]
[EventRounds "9"]
[EventCountry "AUT"]
[WhiteTeam "Italy"]
[BlackTeam "Moldova"]

1. e4 e6 2. d4 d5 3. Nc3 Nf6 4. Bg5 Be7 5. e5 Nfd7 6. Bf4 c5 7. Qg4 Kf8 8. dxc5
Nxc5 9. O-O-O Nc6 10. h4 h6 11. Nf3 Qa5 12. Rh3 h5 13. Qg3 Na4 14. Nxa4 Qxa4
15. a3 Bd7 16. Bd3 Rc8 17. Bg5 Qg4 18. Qh2 Nd4 19. Nxd4 Qxd4 20. Bxe7+ Kxe7 21.
Rf3 f6 22. Rg3 Qf4+ 23. Kb1 fxe5 24. Rxg7+ Kd6 25. g3 Qf3 26. Re1 Rcf8 27. Rg5
e4 28. Be2 Qxf2 29. Qxf2 Rxf2 30. Bxh5 Rf5 31. Bf7 Rxf7 32. h5 Rf5 0-1

[Event "European Senior Team Chess Championship "]
[Site "Hotel AIRO Vienna, Kurbadstr. "]
[Date "2015.07.16"]
[Round "5"]
[White "Gyrlea, Viktor"]
[Black "Micheli, Carlo"]
[Result "0-1"]
[WhiteElo "2390"]
[BlackElo "2309"]
[PlyCount "44"]
[EventDate "2015.07.12"]
[EventType "team"]
[EventRounds "9"]
[EventCountry "AUT"]
[WhiteTeam "Moldova"]
[BlackTeam "Italy"]

1. e4 c5 2. Nc3 Nc6 3. Bb5 d6 4. Nge2 Nf6 5. O-O Bd7 6. d4 cxd4 7. Nxd4 e6 8.
Bg5 Be7 9. Nf3 Qc7 10. Qd2 a6 11. Be2 h6 12. Bh4 g5 13. Bg3 Nh5 14. Rad1 Nxg3
15. hxg3 O-O-O 16. a3 g4 17. Nh4 Ne5 18. Qd4 Kb8 19. Kh2 Bc6 20. f4 gxf3 21.
Bxf3 Bxh4 22. gxh4 d5 0-1

[Event "European Senior Team Chess Championship "]
[Site "Hotel AIRO Vienna, Kurbadstr. "]
[Date "2015.07.16"]
[Round "5"]
[White "Strutinskaia, Galina"]
[Black "Stebbings, Anthony J"]
[Result "1/2-1/2"]
[WhiteElo "2213"]
[BlackElo "2312"]
[PlyCount "59"]
[EventDate "2015.07.12"]
[EventType "team"]
[EventRounds "9"]
[EventCountry "AUT"]
[WhiteTeam "Russia Women"]
[BlackTeam "England 1"]

1. d4 Nf6 2. c4 e6 3. g3 Bb4+ 4. Bd2 a5 5. Bg2 O-O 6. a3 Bxd2+ 7. Nxd2 d6 8.
Ngf3 Nbd7 9. O-O e5 10. b4 c6 11. Qc2 axb4 12. axb4 Rxa1 13. Rxa1 exd4 14. Nxd4
Qb6 15. Qc3 c5 16. Nc2 Re8 17. Ra8 cxb4 18. Nxb4 Nc5 19. Nd5 Nxd5 20. Bxd5 Bd7
21. Rxe8+ Bxe8 22. Qe3 Kf8 23. Qf4 h6 24. h4 Qc7 25. Nf3 Bc6 26. Nd4 Bxd5 27.
cxd5 Qe7 28. Nf5 Qe5 29. Nxd6 Qxd5 30. Nf5 1/2-1/2

[Event "European Senior Team Chess Championship "]
[Site "Hotel AIRO Vienna, Kurbadstr. "]
[Date "2015.07.16"]
[Round "5"]
[White "James, Geoffrey H"]
[Black "Mednikova, Svetlana"]
[Result "1/2-1/2"]
[WhiteElo "2166"]
[BlackElo "2190"]
[PlyCount "34"]
[EventDate "2015.07.12"]
[EventType "team"]
[EventRounds "9"]
[EventCountry "AUT"]
[WhiteTeam "England 1"]
[BlackTeam "Russia Women"]

1. e4 e6 2. Nc3 d5 3. Nf3 d4 4. Ne2 c5 5. c3 Nf6 6. d3 Nc6 7. c4 e5 8. g3 h6 9.
Bg2 Be6 10. O-O Qd7 11. a3 Bh3 12. Qa4 Bxg2 13. Kxg2 Bd6 14. Bd2 O-O 15. Nh4
Ne7 16. Qxd7 Nxd7 17. g4 Kh7 1/2-1/2

[Event "European Senior Team Chess Championship "]
[Site "Hotel AIRO Vienna, Kurbadstr. "]
[Date "2015.07.16"]
[Round "5"]
[White "Fatalibekova, Elena"]
[Black "Stokes, Michael"]
[Result "1-0"]
[WhiteElo "2213"]
[BlackElo "2161"]
[PlyCount "115"]
[EventDate "2015.07.12"]
[EventType "team"]
[EventRounds "9"]
[EventCountry "AUT"]
[WhiteTeam "Russia Women"]
[BlackTeam "England 1"]

1. Nf3 Nf6 2. c4 c5 3. Nc3 d5 4. cxd5 Nxd5 5. d4 Nxc3 6. bxc3 g6 7. g3 Bg7 8.
Bg2 Nc6 9. Be3 Bf5 10. O-O O-O 11. d5 Na5 12. Nh4 Rc8 13. Nxf5 gxf5 14. Qd3 e6
15. Rab1 c4 16. Qd2 b6 17. Bh6 Qf6 18. Bxg7 Kxg7 19. Rfd1 Rfd8 20. Qc2 e5 21.
Bh3 Rc5 22. Bxf5 Rcxd5 23. Be4 R5d6 24. Rxd6 Qxd6 25. Bxh7 Qh6 26. Bf5 Rd2 27.
Qe4 Qd6 28. Rb5 Rxa2 29. Rxe5 Qf6 30. Rd5 Nc6 31. Qg4+ Kf8 32. Qxc4 Ra1+ 33.
Kg2 Rc1 34. Qf4 Rxc3 35. Rd6 Qg7 36. Be4 Ne5 37. Rd5 Rc5 38. Rd8+ Ke7 39. Qh4+
f6 40. Rh8 Nf7 41. Rh7 Qg5 42. Qxg5 Rxg5 43. h4 Rg8 44. Bd5 Rf8 45. Kf3 a5 46.
Ke4 a4 47. Kd4 f5 48. f3 b5 49. Kc3 Kf6 50. Bxf7 Rxf7 51. Rxf7+ Kxf7 52. e4
fxe4 53. fxe4 Kf6 54. g4 a3 55. Kb3 b4 56. h5 Kg5 57. e5 Kh6 58. e6 1-0

[Event "European Senior Team Chess Championship "]
[Site "Hotel AIRO Vienna, Kurbadstr. "]
[Date "2015.07.16"]
[Round "5"]
[White "Quinn, John M"]
[Black "Saunina, Ludmila"]
[Result "0-1"]
[WhiteElo "2127"]
[BlackElo "2157"]
[PlyCount "94"]
[EventDate "2015.07.12"]
[EventType "team"]
[EventRounds "9"]
[EventCountry "AUT"]
[WhiteTeam "England 1"]
[BlackTeam "Russia Women"]

1. d4 Nf6 2. c4 e6 3. Nc3 Bb4 4. Qc2 d6 5. Nf3 Nbd7 6. Bg5 h6 7. Bh4 b6 8. a3
Bxc3+ 9. Qxc3 Bb7 10. e3 Qe7 11. Be2 g5 12. Bg3 Ne4 13. Qc2 f5 14. h3 h5 15.
Bd3 h4 16. Bh2 O-O-O 17. O-O-O Ndf6 18. Ne1 Nh5 19. f3 Neg3 20. Rg1 Kb8 21. Kb1
Rhf8 22. Bxg3 Nxg3 23. e4 c5 24. d5 e5 25. exf5 Bc8 26. Qd2 Bxf5 27. Bxf5 Rxf5
28. Nc2 Rf4 29. b3 Qg7 30. Rge1 Rdf8 31. Re3 Nf5 32. Re2 Ng3 33. Re3 Qg6 34.
Ka2 Nf5 35. Qd3 Qg7 36. Ree1 Ng3 37. Qc3 Qf6 38. Re3 e4 39. Qxf6 R8xf6 40. Rde1
Rf7 41. b4 exf3 42. Re8+ Kc7 43. gxf3 Rxc4 44. Ra8 Kb7 45. Ree8 Rxc2+ 46. Kb1
Re2 47. Reb8+ Ka6 0-1

[Event "European Senior Team Chess Championship "]
[Site "Hotel AIRO Vienna, Kurbadstr. "]
[Date "2015.07.17"]
[Round "6"]
[White "Zilberman, Yaacov"]
[Black "Faibisovich, Vadim Z"]
[Result "1/2-1/2"]
[WhiteElo "2383"]
[BlackElo "2347"]
[PlyCount "73"]
[EventDate "2015.07.12"]
[EventType "team"]
[EventRounds "9"]
[EventCountry "AUT"]
[WhiteTeam "Israel"]
[BlackTeam "Sankt Petersburg"]

1. d4 d5 2. c4 e6 3. Nc3 Nf6 4. cxd5 exd5 5. Bg5 c6 6. e3 Bf5 7. Qf3 Bg6 8.
Bxf6 Qxf6 9. Qxf6 gxf6 10. Kd2 Nd7 11. Bd3 Rg8 12. g3 Bd6 13. Nf3 O-O-O 14.
Rac1 Kb8 15. h3 Nf8 16. Nh4 Ne6 17. a3 c5 18. Bxg6 fxg6 19. Nf3 cxd4 20. Nxd4
Rge8 21. Nce2 Nxd4 22. Nxd4 Be5 23. Kd3 Rc8 24. b3 Rxc1 25. Rxc1 Rc8 26. Rxc8+
Kxc8 27. f4 Bd6 28. Nb5 Kd7 29. Kd4 a6 30. Nxd6 Kxd6 31. g4 h6 32. b4 b6 33. h4
Ke6 34. a4 Kd6 35. e4 dxe4 36. Kxe4 Ke6 37. Kd4 {Ke5+  Ke4+} 1/2-1/2

[Event "European Senior Team Chess Championship "]
[Site "Hotel AIRO Vienna, Kurbadstr. "]
[Date "2015.07.17"]
[Round "6"]
[White "Mishuchkov, Nikolai M"]
[Black "Birnboim, Nathan"]
[Result "1/2-1/2"]
[WhiteElo "2320"]
[BlackElo "2358"]
[PlyCount "77"]
[EventDate "2015.07.12"]
[EventType "team"]
[EventRounds "9"]
[EventCountry "AUT"]
[WhiteTeam "Sankt Petersburg"]
[BlackTeam "Israel"]

1. d4 Nf6 2. Nf3 e6 3. c4 d5 4. e3 Be7 5. Nc3 O-O 6. Bd3 dxc4 7. Bxc4 c5 8.
dxc5 Qxd1+ 9. Kxd1 Nc6 10. Ke2 Bxc5 11. a3 Bd6 12. Rd1 Ne5 13. Rxd6 Nxc4 14.
Rd4 Na5 15. Rb1 Nb3 16. Rb4 Nc5 17. e4 b6 18. e5 Ba6+ 19. Ke3 Nd5+ 20. Nxd5
exd5 21. Rd4 f6 22. b4 fxe5 23. Rxd5 Bb7 24. Rxe5 Nd7 25. Re7 Rae8 26. Rxe8
Rxe8+ 27. Kf4 Nf6 28. h3 Nd5+ 29. Kg3 Nc3 30. Ra1 Ne4+ 31. Kh2 Nxf2 32. Ra2 Nd3
33. Rc2 h6 34. Kg3 Bxf3 35. gxf3 Re1 36. Bd2 Rg1+ 37. Kh2 Ra1 38. Rc3 Ne5 39.
Bf4 1/2-1/2

[Event "European Senior Team Chess Championship "]
[Site "Hotel AIRO Vienna, Kurbadstr. "]
[Date "2015.07.17"]
[Round "6"]
[White "Maryasin, Boris"]
[Black "Karasev, Vladimir I"]
[Result "0-1"]
[WhiteElo "2332"]
[BlackElo "2326"]
[PlyCount "94"]
[EventDate "2015.07.12"]
[EventType "team"]
[EventRounds "9"]
[EventCountry "AUT"]
[WhiteTeam "Israel"]
[BlackTeam "Sankt Petersburg"]

1. e4 c5 2. Nf3 e6 3. b3 Nf6 4. e5 Nd5 5. Bb2 Be7 6. c4 Nf4 7. d4 cxd4 8. Qxd4
Ng6 9. Nbd2 f5 10. a3 Nc6 11. Qe3 b6 12. g3 Bb7 13. Bg2 Ncxe5 14. O-O Ng4 15.
Qe2 O-O 16. Rad1 Bf6 17. Nb1 Bxb2 18. Qxb2 Qc7 19. Nc3 a6 20. Qd2 Bc6 21. Rfe1
Qb7 22. Nd5 f4 23. Ng5 Rf5 24. Nxe6 dxe6 25. Rxe6 f3 26. Bh3 Bxd5 27. cxd5 Rd8
28. d6 Qf7 29. Re4 h5 30. Bxg4 hxg4 31. Rxg4 Rf6 32. Qb4 Qe6 33. Qxb6 Rxd6 34.
Qxd6 Qxg4 35. Qd5+ Kh7 36. Qd7 Re6 37. Qd3 Kh6 38. h3 Qe4 39. Qxe4 Rxe4 40. Rd6
a5 41. g4 Re2 42. h4 Kh7 43. h5 Ne5 44. Rd4 Kh6 45. Ra4 Kg5 46. Rxa5 Re1+ 47.
Kh2 Kh4 0-1

[Event "European Senior Team Chess Championship "]
[Site "Hotel AIRO Vienna, Kurbadstr. "]
[Date "2015.07.17"]
[Round "6"]
[White "Turikov, Viktor"]
[Black "Lederman, Leon"]
[Result "1/2-1/2"]
[WhiteElo "2233"]
[BlackElo "2263"]
[PlyCount "38"]
[EventDate "2015.07.12"]
[EventType "team"]
[EventRounds "9"]
[EventCountry "AUT"]
[WhiteTeam "Sankt Petersburg"]
[BlackTeam "Israel"]

1. e3 d5 2. b3 Bf5 3. Bb2 e6 4. f4 Nf6 5. Nf3 h6 6. Ne5 a5 7. a3 Nbd7 8. Be2
Nxe5 9. Bxe5 Bd6 10. O-O Bxe5 11. fxe5 Nd7 12. d4 O-O 13. Bd3 Bxd3 14. Qxd3 f6
15. exf6 Nxf6 16. Nd2 Qd6 17. e4 e5 18. dxe5 Qxe5 19. Rae1 Nxe4 1/2-1/2

[Event "European Senior Team Chess Championship "]
[Site "Hotel AIRO Vienna, Kurbadstr. "]
[Date "2015.07.17"]
[Round "6"]
[White "Garcia Palermo, Carlos"]
[Black "Vasiukov, Evgeni"]
[Result "1-0"]
[WhiteElo "2442"]
[BlackElo "2401"]
[PlyCount "113"]
[EventDate "2015.07.12"]
[EventType "team"]
[EventRounds "9"]
[EventCountry "AUT"]
[WhiteTeam "Italy"]
[BlackTeam "Russia 1"]

1. d4 Nf6 2. c4 c5 3. d5 e6 4. Nc3 exd5 5. cxd5 Bd6 6. e4 Qe7 7. Bd3 O-O 8.
Nge2 c4 9. Bc2 Bc5 10. Ng3 d6 11. O-O Ng4 12. h3 Qh4 13. Nh1 Nf6 14. Qe2 Nbd7
15. Be3 Nh5 16. Rae1 Nf4 17. Qg4 Qxg4 18. hxg4 Bxe3 19. Rxe3 Nc5 20. f3 Bd7 21.
Nf2 b5 22. g3 Ng6 23. f4 f6 24. Ne2 Nh8 25. Nd4 Nf7 26. g5 Rfe8 27. gxf6 gxf6
28. Rfe1 a5 29. Bd1 Nh6 30. Kg2 Kg7 31. g4 Nf7 32. Rh1 h6 33. Nf5+ Bxf5 34.
gxf5 Re7 35. Bh5 Rg8 36. Rg3+ Kf8 37. Rxg8+ Kxg8 38. Bxf7+ Kxf7 39. Rxh6 Na4
40. e5 dxe5 41. d6 Re8 42. d7 Rg8+ 43. Rg6 Rd8 44. fxe5 Nc5 45. Rxf6+ Ke7 46.
Rc6 Rg8+ 47. Kf3 Nxd7 48. Ng4 Rg5 49. f6+ Kd8 50. Re6 Rf5+ 51. Ke4 Rf1 52. Rd6
Kc7 53. Ne3 Nxe5 54. Kxe5 Re1 55. f7 Rxe3+ 56. Kf4 Re1 57. Rf6 1-0

[Event "European Senior Team Chess Championship "]
[Site "Hotel AIRO Vienna, Kurbadstr. "]
[Date "2015.07.17"]
[Round "6"]
[White "Balashov, Yuri S"]
[Black "Mariotti, Sergio"]
[Result "1-0"]
[WhiteElo "2437"]
[BlackElo "2295"]
[PlyCount "67"]
[EventDate "2015.07.12"]
[EventType "team"]
[EventRounds "9"]
[EventCountry "AUT"]
[WhiteTeam "Russia 1"]
[BlackTeam "Italy"]

1. d4 d5 2. Nf3 Nf6 3. c4 c6 4. Nc3 e6 5. e3 Nbd7 6. Be2 Be7 7. O-O O-O 8. Qc2
b6 9. e4 dxe4 10. Nxe4 Bb7 11. Bf4 Nxe4 12. Qxe4 Nf6 13. Qe3 c5 14. Rfd1 cxd4
15. Nxd4 Qc8 16. a3 Re8 17. Rac1 e5 18. Bxe5 Bd6 19. f4 Bxe5 20. fxe5 Qc5 21.
b4 Qxe5 22. Qxe5 Rxe5 23. c5 bxc5 24. bxc5 Rae8 25. Bb5 Rf8 26. c6 Bc8 27. c7
Re7 28. Re1 Rxe1+ 29. Rxe1 Nd5 30. Rc1 a6 31. Be2 Re8 32. Bf3 Nf6 33. Nc6 Kf8
34. Na7 1-0

[Event "European Senior Team Chess Championship "]
[Site "Hotel AIRO Vienna, Kurbadstr. "]
[Date "2015.07.17"]
[Round "6"]
[White "Micheli, Carlo"]
[Black "Pushkov, Nikolai"]
[Result "0-1"]
[WhiteElo "2309"]
[BlackElo "2301"]
[PlyCount "132"]
[EventDate "2015.07.12"]
[EventType "team"]
[EventRounds "9"]
[EventCountry "AUT"]
[WhiteTeam "Italy"]
[BlackTeam "Russia 1"]

1. e4 e6 2. d4 d5 3. e5 c5 4. c3 Nc6 5. Nf3 Bd7 6. a3 Rc8 7. b4 cxd4 8. cxd4
Nge7 9. Bd3 Nf5 10. Be3 Nxe3 11. fxe3 g6 12. O-O Bh6 13. Qe1 O-O 14. Nc3 Ne7
15. Nd1 a6 16. Nf2 Bb5 17. g4 f6 18. Bxb5 axb5 19. exf6 Rxf6 20. Nd3 Bg7 21.
Nf4 Qd6 22. Ne5 Nc6 23. Nxc6 bxc6 24. Nd3 Rxf1+ 25. Qxf1 e5 26. dxe5 Bxe5 27.
Ra2 Rf8 28. Qg2 Bg7 29. Re2 Qf6 30. Re1 Qc3 31. Qe2 Re8 32. Kf2 Bh6 33. Qd1
Qxa3 34. Qc2 Re6 35. h4 Re4 36. g5 Rc4 37. Qe2 Bg7 38. h5 Qb3 39. Rd1 Rc2 40.
Rd2 Rxd2 41. Qxd2 Qc4 42. Nf4 Qe4 43. Qa2 Bf8 44. Qa8 d4 45. Qa2+ Kh8 46. Qf7
Qxe3+ 47. Kf1 Qe7 48. hxg6 Qxf7 49. gxf7 Kg7 50. Ne6+ Kxf7 51. Nxd4 Bxb4 52.
Nxc6 Bd6 53. Ke2 Kg6 54. Nd4 b4 55. Kf3 Kxg5 56. Ne6+ Kf6 57. Nd4 h5 58. Ke4 h4
59. Kf3 h3 60. Nb3 Ke6 61. Nd2 Kd5 62. Nb3 Kc4 63. Nd2+ Kd3 64. Nb3 Kc3 65. Nc1
Kc2 66. Ne2 Be5 0-1

[Event "European Senior Team Chess Championship "]
[Site "Hotel AIRO Vienna, Kurbadstr. "]
[Date "2015.07.17"]
[Round "6"]
[White "Zakharov, Alexander"]
[Black "Albano, Marco"]
[Result "0-1"]
[WhiteElo "2329"]
[BlackElo "2292"]
[PlyCount "59"]
[EventDate "2015.07.12"]
[EventType "team"]
[EventRounds "9"]
[EventCountry "AUT"]
[WhiteTeam "Russia 1"]
[BlackTeam "Italy"]

1. Nf3 d5 2. c4 c6 3. e3 Nf6 4. d4 e6 5. Nbd2 Nbd7 6. Be2 Bd6 7. O-O Ne4 8.
Nxe4 dxe4 9. Nd2 f5 10. f4 O-O 11. Rb1 g5 12. c5 Bc7 13. Bc4 gxf4 14. Bxe6+ Kh8
15. Nc4 f3 16. Nd6 Qg5 17. g3 Nf6 18. d5 cxd5 19. Bxc8 Raxc8 20. b4 Rcd8 21.
Qd4 h5 22. Rb2 h4 23. Kh1 Bxd6 24. cxd6 hxg3 25. hxg3 Kg7 26. Rh2 Rh8 27. Qe5
Rxh2+ 28. Kxh2 Rh8+ 29. Kg1 Rh5 30. Qe6 0-1

[Event "European Senior Team Chess Championship "]
[Site "Hotel AIRO Vienna, Kurbadstr. "]
[Date "2015.07.17"]
[Round "6"]
[White "Strutinskaia, Galina"]
[Black "Klundt, Klaus"]
[Result "1/2-1/2"]
[WhiteElo "2213"]
[BlackElo "2309"]
[PlyCount "39"]
[EventDate "2015.07.12"]
[EventType "team"]
[EventRounds "9"]
[EventCountry "AUT"]
[WhiteTeam "Russia Women"]
[BlackTeam "Hessen 1"]

1. Nf3 Nf6 2. c4 e6 3. d4 d5 4. Nc3 Be7 5. Bg5 h6 6. Bh4 O-O 7. e3 Ne4 8. Bxe7
Qxe7 9. Qc2 Nxc3 10. bxc3 c5 11. Be2 dxc4 12. Bxc4 Nc6 13. O-O b6 14. e4 Bb7
15. Rfe1 cxd4 16. cxd4 Rac8 17. Qe2 Rfd8 18. Rad1 Qb4 19. Rb1 Qc3 20. Ba6
1/2-1/2